[Event "Fortaleza Borges Memorial"]
[Site "Fortaleza"]
[Date "2012.06.19"]
[Round "2"]
[White "Lima, Antonio Stenio Patr"]
[Black "Pontes, Carlos Frederico Si"]
[Result "1-0"]
[WhiteElo "1798"]
[BlackElo "1787"]
[PlyCount "89"]
[EventDate "2012.06.14"]
[EventType "swiss"]
[EventRounds "7"]
[EventCountry "BRA"]
[SourceTitle "CBM 149 Extra"]
[Source "ChessBase"]
[SourceDate "2012.08.24"]
[SourceVersion "1"]
[SourceVersionDate "2012.08.24"]
[SourceQuality "1"]

1. e4 e5 2. Nf3 Nc6 3. Bb5 d6 4. d4 exd4 5. Nxd4 Bd7 6. 0-0 Nf6 7. Bxc6 bxc6 8. e5 dxe5 9. Nf3 Bg4 10. Qxd8+ Rxd8 11. Nxe5 Rd1 12. Nxc6 Bd6 13. Rxd1 Bxd1 14. c3 Kd7 15. Nd4 Re8 16. Be3 Nd5 17. Nd2 Bh5 18. Re1 a6 19. Nf5 Bf8 20. Kf1 Bg6 21. Nd4 Bd3+ 22. Kg1 g6 23. N2b3 c5 24. Nf3 Nxe3 25. Rxe3 Rxe3 26. fxe3 f6 27. Kf2 Ke6 28. Nfd2 Ke5 29. Nc1 Bb5 30. c4 Bc6 31. Nd3+ Kd6 32. e4 Bh6 33. Nb3 Bxe4 34. Ndxc5 Bc2 35. Nxa6 Bd3 36. c5+ Kd7 37. Nb4 Be4 38. Nd4 Bd2 39. c6+ Kc7 40. Na6+ Kb6 41. c7 Bb7 42. Nc5 Bc1 43. Ndb3 Bxb2 44. Na4+ Kxc7 45. Nxb2 1-0